<?xml version="1.0" encoding="UTF-8"?>
<marc:record xmlns:marc="http://www.loc.gov/MARC21/slim">
   <marc:leader>00000nam a2200000 a 4500</marc:leader>
   <marc:datafield ind1="1" ind2=" " tag="100">
      <marc:subfield code="a">Till, Jochen</marc:subfield>
      <marc:subfield code="4">aut</marc:subfield>
      <marc:subfield code="e">Verfasser/-in</marc:subfield>
   </marc:datafield>
   <marc:datafield ind1="1" ind2=" " tag="100">
      <marc:subfield code="a">Frey, Raimund</marc:subfield>
   </marc:datafield>
   <marc:datafield ind1=" " ind2=" " tag="653">
      <marc:subfield code="a">Kinderbücher ab 10 Jahren</marc:subfield>
   </marc:datafield>
   <marc:datafield ind1=" " ind2=" " tag="653">
      <marc:subfield code="a">Lesemuffel</marc:subfield>
   </marc:datafield>
   <marc:datafield ind1=" " ind2=" " tag="653">
      <marc:subfield code="a">Bücher wie Gregs Tagebuch</marc:subfield>
   </marc:datafield>
   <marc:datafield ind1=" " ind2=" " tag="653">
      <marc:subfield code="a">Antolin Bücher</marc:subfield>
   </marc:datafield>
   <marc:datafield ind1=" " ind2=" " tag="653">
      <marc:subfield code="a">Bücher wie Tom Gates</marc:subfield>
   </marc:datafield>
   <marc:datafield ind1=" " ind2=" " tag="653">
      <marc:subfield code="a">Jochen Till Bücher</marc:subfield>
   </marc:datafield>
   <marc:datafield ind1="0" ind2="0" tag="245">
      <marc:subfield code="a">Der Teufel ist los</marc:subfield>
   </marc:datafield>
   <marc:datafield ind1="0" ind2="0" tag="245">
      <marc:subfield code="c">Jochen Till ; mit Illustrationen von Raimund Frey</marc:subfield>
   </marc:datafield>
   <marc:datafield ind1=" " ind2="1" tag="264">
      <marc:subfield code="a">Bindlach</marc:subfield>
      <marc:subfield code="b">Loewe</marc:subfield>
      <marc:subfield code="c">2018</marc:subfield>
   </marc:datafield>
   <marc:datafield ind1="1" ind2=" " tag="490">
      <marc:subfield code="a">Luzifer junior</marc:subfield>
      <marc:subfield code="v">Band 4</marc:subfield>
   </marc:datafield>
   <marc:datafield ind1=" " ind2=" " tag="250">
      <marc:subfield code="a">1. Aufl.</marc:subfield>
   </marc:datafield>
   <marc:datafield ind1="1" ind2=" " tag="520">
      <marc:subfield code="a">Loewe-Bücher: garantiert ohne KI ## ## ## ##Luzifer senior ist und bleibt verschwunden! Lange kann Onkel Gabriel die Hölle nicht mehr alleine schmeißen. Also machen sich Luzifer junior und seine Freunde auf die Suche und finden heraus, dass der Teufel in Frankreich steckt. Auf ihrer Reise dorthin werden sie von einem mysteriösen Unbekannten verfolgt Doch so leicht lässt sich kein Luzifer von seiner höllischen Mission abbringen! ## ## ## ## Ein Teufel in der Schule  der Comic-Roman um den Höllensohn Luzifer bietet Lesespaß und viel Grund zum lauthals lachen für Mädchen und Jungen ab 10 Jahren. Zahlreiche humorvolle Bilder illustrieren Luzifers Abenteuer in der Hölle und im strengen Jungeninternat. Wer Gregs Tagebuch mag, wird Luzifer junior lieben! Die komplette Luzifer junior-Reihe ist bei Antolin gelistet.</marc:subfield>
   </marc:datafield>
   <marc:datafield ind1=" " ind2=" " tag="020">
      <marc:subfield code="a">9783743200777</marc:subfield>
      <marc:subfield code="9">9783743200777</marc:subfield>
   </marc:datafield>
   <marc:datafield ind1=" " ind2=" " tag="041">
      <marc:subfield code="a">ger</marc:subfield>
   </marc:datafield>
   <marc:datafield ind1=" " ind2=" " tag="300">
      <marc:subfield code="a">217 S.</marc:subfield>
   </marc:datafield>
</marc:record>
